Геохимические особенности минералов нефелин-сиенитовых и гранит-пегматитовых месторождений: [сборник статей]

Podrobná bibliografie
Korporativní autor: Академия наук СССР (АН СССР) Институт минералогии, геохимии и кристаллохимии редких элементов (ИМГРЭ)
Další autoři: Кузьменко М. В. (редактор)
Jazyk:ruština
Vydáno: Москва, Изд-во ИМГРЭ, 1978
Témata:
Médium: MixedMaterials Kniha
KOHA link:https://koha.lib.tpu.ru/cgi-bin/koha/opac-detail.pl?biblionumber=232347

MARC

LEADER 00000nam0a2200000 4500
001 232347
005 20231101231149.0
035 |a (RuTPU)RU\TPU\book\253384 
090 |a 232347 
100 |a 20130212d1978 k y0rusy50 ca 
101 0 |a rus 
102 |a RU 
105 |a y z 001zy 
200 1 |a Геохимические особенности минералов нефелин-сиенитовых и гранит-пегматитовых месторождений  |e [сборник статей]  |f Академия наук СССР (АН СССР), Институт минералогии, геохимии и кристаллохимии редких элементов (ИМГРЭ) ; под ред. М. В. Кузьменко 
210 |a Москва  |c Изд-во ИМГРЭ  |d 1978 
215 |a 68 с. 
320 |a Библиогр. в конце ст. 
606 1 |a Минералы  |x Химический состав  |2 stltpush  |3 (RuTPU)RU\TPU\subj\72381  |9 85930 
610 1 |a геохимия 
610 1 |a химический состав 
610 1 |a топохимизм 
675 |a 549:54  |v 3 
702 1 |a Кузьменко  |b М. В.  |4 340 
712 0 2 |a Академия наук СССР (АН СССР)  |b Институт минералогии, геохимии и кристаллохимии редких элементов (ИМГРЭ)  |c (Москва)  |2 stltpush  |3 (RuTPU)RU\TPU\col\10887 
801 1 |a RU  |b 63413507  |c 20130212 
801 2 |a RU  |b 63413507  |c 20211215  |g RCR 
942 |c BK